| 000 | 00444pab a2200169 454500 | ||
|---|---|---|---|
| 008 | 180718b2003 xxu||||| |||| 00| 0 eng d | ||
| 100 | _aNandy, S. | ||
| 245 | _aForest canopy density stratification using biophysical modeling | ||
| 260 | _c2003 | ||
| 300 | _ap.291-97. | ||
| 362 | _aDec | ||
| 650 | _aForests | ||
| 700 | _aDas, K.K. | ||
| 700 | _aJoshi, P.K. | ||
| 773 | _aJournal of the Indian Society of Remote Sensing | ||
| 909 | _a59142 | ||
| 999 |
_c59142 _d59142 |
||